000 00414nam a2200157Ia 4500
008 230917s9999||||xx |||||||||||||| ||und||
020 _cPOU15.95
040 _e21472
_aMAIN
041 _aEnglish
082 _a515.35 F26F
100 _aFasano, A, ed.
245 0 _aFree boundary problems: theory and applications
260 _aBoston
_bPitan Advanced Publishing Program
_c1983
300 _a320 p.
942 _cBK
999 _c68737
_d68737